| 000 | 00640nam a22001817a 4500 | ||
|---|---|---|---|
| 003 | Nust | ||
| 005 | 20241030112139.0 | ||
| 008 | 170216b xxu||||| |||| 00| 0 eng d | ||
| 040 | _cNust-MCE | ||
| 082 |
_a200 _bDM |
||
| 100 |
_aSharif Razia _916454 |
||
| 245 |
_aGender Related Issues in Disasters with Pakistan's Perspective Focusing on 2005 Earthquake and 2010 Floods/ _cRazia Sharif |
||
| 260 |
_aRisalpur Cantt _bMCE _c2014. |
||
| 650 |
_aMS-Construction Engineering and Management _9126573 |
||
| 700 |
_aSupervisor. Muhammad Naseem Baig _9126604 |
||
| 856 | _uhttp://10.250.8.41:8080/xmlui/handle/123456789/11801 | ||
| 942 |
_cSC _2ddc |
||
| 999 |
_c230055 _d230055 |
||